00811nam a2200217Ii 45000010005000000030009000050080041000140400033000550410008000880820020000961000036001162450062001522640080002143000012002943360026003063370028003323380027003609400050003879990017004379520139004543232CO-ViMGA241108s9999||||xx |||||||||||||| ||und|| aCO-ViMGAbspaerdacCO-ViMGA0 aunk04a793.319861 T8651 aÁlvaro Trujillo Cuenca95344310aGénesis y Evolución del Baile del Sanjuanero Huilense 1a[Lugar de publicación no identificado] : Fondo de autores huilenses, 2000 avolumen atextbtxt2rdacontent aunmediatedbn2rdamedia avolumebnc2rdacarrier aidficha_siabuc: 3156. -- ficha_no_siabuc:3232 c50081d50081 001040708001aMEVIGERRbMEVIGERRcGENd2006-11-27o793.319861 T865pECA1577r2024-11-26 10:01:36tEj.1w2024-11-26yBKz3156 | 4545